000 nam a22 a 4500
999 _c22998
_d22998
003 BLK
005 20220523122718.0
008 180413b bul|||||r ||||||| ||bul||
010 _aKNG00025468000
040 _aBLK
041 _aBUL
_cBUL
080 _aПодготовка и оране на почвата - Брануване, култивиране, подмятане на стърнищата и др.
_b631.51
_x(035)
_z631.51(035)
139 _aОбработка на почвата
_bО 17
245 1 0 _aОбработка на почвата
_bРъководство
_cФ. Тодоров и др. ; под ред. на Ф. Тодоров
257 _aBGR
260 _aСофия
_bЗемиздат
_c1982
300 _a196 с.
_bс ил.
_c20 см
380 _a63
500 _aДруги авт.: Б. Симеонов, А. Христов, К. Стойнев, К. Раков. - Пълното име на авт. Ангел Христов е Ангел Христов Ангелов.
504 _aБиблиогр. с. 188-194
650 0 _9302102
_aПочви - обработка
653 0 _9467484
_aобработка на почвата
852 _aЦб 112441
_bЦб
942 _cKNG
_n0
_s1
_01
944 _aCR
_c07.03.2018
_kНора_Радева
944 _aED
_c2022-03-23
_kГГГ